True Tricolours - Sudden Death - Statistics

General Stats
  • This quiz has been taken 203 times
    183 since last reset
  • The average score is 9 of 14
Answers on the Grid
Answers color-coded by a green-red scale on the quiz's grid according to % correct below.
 
Answer Stats
Answer % Correct
France
75%
Netherlands
73%
Germany
72%
Estonia
72%
Ivory Coast
70%
Belgium
69%
Italy
67%
Hungary
63%
Armenia
60%
Colombia
58%
Yemen
53%
Guinea
49%
Gabon
48%
Sierra Leone
41%
No matching quizzes found
Score Distribution
Percent of People with Each Score
Percentile by Number Answered
Your Score History
You have not taken this quiz since the last reset